[Event "FISU World University-ch 2020"]
[Site "Online"]
[Date "2020.10.26"]
[Round "9.15"]
[White "Campos, Maria Jose"]
[Black "Abal Cores, Lucas"]
[Result "1/2-1/2"]
[WhiteElo "2112"]
[BlackElo "2315"]
[Annotator "TA"]
[PlyCount "139"]
[EventDate "2020.10.26"]
[SourceTitle "playchess.com"]
[Source "ChessBase"]
[SourceQuality "1"]

1. c4 f5 2. g3 Nf6 3. Nc3 d6 4. Bg2 g6 5. Nf3 Bg7 6. O-O O-O 7. d3 Nc6 8. Rb1 e5 9. b4 h6 10. b5 Ne7 11. e3 g5 12. Nd2 Ng6 13. Re1 h5 14. Nd5 h4 15. Ba3 hxg3 16. hxg3 Ne7 17. Nxf6+ Rxf6 18. c5 d5 19. c6 bxc6 20. Bxe7 Qxe7 21. bxc6 e4 22. Qa4 Qf7 23. Red1 Bf8 24. Nb3 Bd6 25. dxe4 fxe4 26. Rd2 Bg4 27. Qb5 Rf5 28. Nd4 Re5 29. Qb7 Rf8 30. Qxa7 Bf3 31. Rb8 Rxb8 32. Qxb8+ Kg7 33. Qc8 g4 34. Qd7 Kf6 35. Qxf7+ Kxf7 36. a4 Bc5 37. Nb3 Bb4 38. Ra2 Bd1 39. Nd4 Ba5 40. Bf1 Ke7 41. Be2 Bxe2 42. Rxe2 Kd6 43. Rc2 Re8 44. Nb5+ Ke5 45. Kg2 Ra8 46. Rc1 Ra6 47. Rh1 Bb6 48. Rh5+ Ke6 49. Rh6+ Ke5 50. Nc3 Ra5 51. Rh5+ Kd6 52. Rh6+ Kc5 53. Rg6 Kb4 54. Ne2 Rc5 55. Nf4 Kc4 56. Rg5 Ba5 57. Rxg4 Rxc6 58. Rg5 Rd6 59. g4 Bc3 60. Ne2 Bb2 61. a5 c5 62. Nf4 d4 63. exd4 cxd4 64. a6 Rxa6 65. Re5 Bc1 66. Rxe4 Bxf4 67. Rxf4 Kd3 68. Kg3 Ra1 69. f3 Rg1+ 70. Kf2 1/2-1/2

[Event "FISU World University-ch 2020"]
[Site "Online"]
[Date "2020.10.26"]
[Round "9.15"]
[White "Garcia Alvarez, Paula"]
[Black "Curatolo, Nicolas Matias"]
[Result "1-0"]
[WhiteElo "1661"]
[BlackElo "1665"]
[Annotator "NA"]
[PlyCount "79"]
[EventDate "2020.10.26"]
[SourceTitle "playchess.com"]
[Source "ChessBase"]
[SourceQuality "1"]

1. b3 f5 2. Bb2 Nf6 3. Bxf6 exf6 4. c4 c6 5. e3 d5 6. cxd5 cxd5 7. d4 Bb4+ 8. Nd2 O-O 9. g3 Nc6 10. Ne2 Be6 11. Bg2 g5 12. O-O Rc8 13. Nf3 Bd6 14. Ne1 Qd7 15. Nd3 b6 16. Rc1 Rc7 17. Nc3 Ba3 18. Rc2 Nb4 19. Nxb4 Bxb4 20. Ne2 Rfc8 21. Rxc7 Rxc7 22. Qd3 Ba3 23. f4 g4 24. h3 h5 25. hxg4 hxg4 26. Kf2 Qc6 27. Qa6 Bb2 28. Rh1 Bc8 29. Qd3 b5 30. a4 b4 31. a5 Be6 32. Rh6 Kg7 33. Rh2 Qc2 34. Qa6 Bf7 35. Qd6 Rc3 36. Bxd5 Bxd5 37. Qxd5 Qe4 38. Qd7+ Kg8 39. Qd8+ Kf7 40. Rh7+ 1-0

[Event "FISU World University-ch 2020"]
[Site "Online"]
[Date "2020.10.26"]
[Round "9.16"]
[White "Real Pereyra, Jeronimo"]
[Black "Nithyalakshmi, Sivanesan"]
[Result "1/2-1/2"]
[WhiteElo "2130"]
[BlackElo "1945"]
[Annotator "NA"]
[PlyCount "115"]
[EventDate "2020.10.26"]
[SourceTitle "playchess.com"]
[Source "ChessBase"]
[SourceQuality "1"]

1. e4 e5 2. Nf3 Nc6 3. Bb5 a6 4. Ba4 Nf6 5. O-O b5 6. Bb3 Be7 7. Re1 O-O 8. h3 d6 9. c3 Na5 10. Bc2 c5 11. d4 Qc7 12. Nbd2 Bd7 13. Nb3 Nc4 14. Nbd2 Na5 15. dxe5 dxe5 16. Nf1 Rfd8 17. Qe2 Be6 18. b3 Nc6 19. Bg5 b4 20. cxb4 Nxb4 21. Bxf6 Bxf6 22. Ne3 Nc6 23. Bd3 Qd6 24. Bc4 Nd4 25. Nxd4 exd4 26. Nd5 Bxd5 27. Bxd5 Ra7 28. Qc4 Be5 29. Rad1 Rb8 30. Rc1 Rc7 31. Qd3 Bh2+ 32. Kh1 Be5 33. Rc2 Qf6 34. g3 g5 35. Kg2 Kg7 36. Rec1 Rbc8 37. Rf1 Qh6 38. Qf3 f6 39. Qd3 a5 40. f4 gxf4 41. gxf4 Bxf4 42. Rcf2 Be5 43. Rf5 Kh8 44. Kh1 Rg7 45. R5f3 Qg5 46. Qe2 Qh4 47. Qa6 Rb8 48. Be6 Rg3 49. Rxg3 Qxg3 50. Qe2 d3 51. Qd2 Rd8 52. Rg1 Qf4 53. Qg2 Qg5 54. Qf3 Qf4 55. Qg2 Qg5 56. Qf3 Qf4 57. Qg2 Qg5 58. Qf3 1/2-1/2

[Event "FISU World University-ch 2020"]
[Site "Online"]
[Date "2020.10.26"]
[Round "9.16"]
[White "Ahmad Nazari, Emir Rusyaidi"]
[Black "Limon Olmos, Ivan Alonso"]
[Result "0-1"]
[WhiteElo "1963"]
[BlackElo "2154"]
[Annotator "ChessBase"]
[PlyCount "158"]
[EventDate "2020.10.26"]
[SourceTitle "playchess.com"]
[Source "ChessBase"]
[SourceQuality "1"]

1. e4 e5 2. Nf3 Nc6 3. Bb5 Nf6 4. d3 d6 5. c3 Bd7 6. O-O g6 7. d4 Bg7 8. dxe5 Nxe5 9. Bxd7+ Nfxd7 10. Bf4 O-O 11. Nxe5 Nxe5 12. Bxe5 Bxe5 13. Nd2 Qe7 14. f4 Bg7 15. Qb3 Rab8 16. Rae1 Qe6 17. f5 Qxb3 18. axb3 Be5 19. Kf2 Kg7 20. h3 h5 21. Nf3 Rbe8 22. g3 Bf6 23. Re2 Re7 24. Rfe1 Rfe8 25. g4 g5 26. Re3 h4 27. R3e2 Kh6 28. Nd2 Be5 29. Kf3 a6 30. Nc4 Kg7 31. Ne3 c6 32. Rd1 Bf4 33. Ng2 Bg3 34. c4 f6 35. Rdd2 Kf7 36. Ne1 Bf4 37. Rd1 Bg3 38. Nc2 Be5 39. Ne1 Rd7 40. Ng2 Red8 41. Red2 Ke7 42. Ke2 Rc7 43. Ne1 Bf4 44. Rd3 Rcd7 45. b4 Ra8 46. Nf3 Rad8 47. Nd4 Be5 48. Ne6 Ra8 49. c5 a5 50. bxa5 Rxa5 51. cxd6+ Rxd6 52. Rb3 b5 53. Rc1 Ra2 54. Rc2 Ra1 55. Ra3 Bxb2 56. Rxa1 Bxa1 57. Ra2 Be5 58. Ra7+ Rd7 59. Ra6 Kd6 60. Kd3 Rb7 61. Nd8 Rc7 62. Ne6 Rd7 63. Nf8 Rb7 64. Kc2 Kc5 65. Ne6+ Kd6 66. Kb3 Bg3 67. Nd4 Ke5 68. Nxc6+ Kxe4 69. Na5 Rf7 70. Nc6 Kf3 71. Nd8 Rd7 72. Ne6 Be5 73. Nc5 Rd5 74. Ne6 Kg3 75. Nf8 Kxh3 76. Ng6 Kxg4 77. Nxe5+ Rxe5 78. Rxf6 Rxf5 79. Rh6 h3 0-1

[Event "FISU World University-ch 2020"]
[Site "Online"]
[Date "2020.10.26"]
[Round "9.16"]
[White "Azman Hisham, Nur Nabila"]
[Black "Lima Martinez, Alejandro"]
[Result "1/2-1/2"]
[WhiteElo "1936"]
[BlackElo "2074"]
[Annotator "NA"]
[PlyCount "116"]
[EventDate "2020.10.26"]
[SourceTitle "playchess.com"]
[Source "ChessBase"]
[SourceQuality "1"]

1. d4 Nf6 2. c4 c5 3. d5 b5 4. cxb5 a6 5. b6 d6 6. Nc3 Qxb6 7. Nf3 g6 8. e4 Bg7 9. Nd2 O-O 10. a4 a5 11. Bb5 Na6 12. O-O Nb4 13. Nc4 Qc7 14. f3 Bd7 15. Kh1 Rfb8 16. Bxd7 Nxd7 17. Nb5 Qd8 18. Qb3 Nb6 19. Nxb6 Rxb6 20. Qc4 Qd7 21. Rb1 Na6 22. b3 Nc7 23. Nxc7 Qxc7 24. Bd2 Qb7 25. f4 Qa6 26. Qxa6 Rbxa6 27. Rfc1 Kf8 28. e5 Ke8 29. Rc4 Kd7 30. Bc3 Bf8 31. g4 Rb6 32. f5 e6 33. exd6 Bxd6 34. dxe6+ fxe6 35. f6 e5 36. Re4 Ke6 37. g5 Rab8 38. Rbe1 Kf5 39. Bxe5 Kxg5 40. Bxd6 Rxd6 41. f7 Rf8 42. Re5+ Kh6 43. Rf1 Rc6 44. Rd5 Kg7 45. Rd7 Rb6 46. Rc7 Rxb3 47. Rxc5 Rxf7 48. Rxf7+ Kxf7 49. Rxa5 Rb2 50. Ra7+ Kg8 51. a5 Ra2 52. a6 h6 53. Ra8+ Kg7 54. a7 h5 55. Kg1 Kh7 56. h3 Kg7 57. Kh1 Kh7 58. Kg1 Kg7 1/2-1/2

[Event "FISU World University-ch 2020"]
[Site "Online"]
[Date "2020.10.26"]
[Round "9.16"]
[White "Herrera Camara, Genny Ceci"]
[Black "Azhar, Muhd Irfan Haqqim"]
[Result "0-1"]
[WhiteElo "1828"]
[BlackElo "1830"]
[Annotator "NA"]
[PlyCount "118"]
[EventDate "2020.10.26"]
[SourceTitle "playchess.com"]
[Source "ChessBase"]
[SourceQuality "1"]

1. d4 d5 2. c4 c6 3. e3 Nf6 4. Nf3 Bf5 5. Qb3 Qc7 6. Nc3 e6 7. Bd2 Nbd7 8. Rc1 Qb6 9. Be2 Be7 10. O-O O-O 11. Na4 Qxb3 12. axb3 h6 13. c5 Bd8 14. b4 a6 15. Nh4 Bh7 16. f4 Ne4 17. Be1 Kh8 18. Nf3 g5 19. fxg5 hxg5 20. Ra1 Bc7 21. Nc3 f6 22. Nd2 Nxd2 23. Bxd2 Kg7 24. Rf2 Bg6 25. g3 e5 26. Raf1 Rae8 27. Bg4 Re7 28. Kg2 Bd3 29. Be2 Bg6 30. Bg4 Bd3 31. Be2 Bg6 32. g4 Rh8 33. h3 e4 34. Rh1 Bf7 35. Rff1 Nf8 36. Be1 Ng6 37. Bg3 Nh4+ 38. Kh2 Be6 39. Bxc7 Rxc7 40. Kg3 Kg6 41. Na4 Rf7 42. Rf2 Kg7 43. Nb6 Ng6 44. Bd1 Ne7 45. Rhf1 Rhf8 46. Be2 f5 47. Bd1 Kg6 48. Be2 Kg7 49. Bd1 Ng6 50. gxf5 Bxf5 51. Bh5 Kh6 52. Bxg6 Kxg6 53. h4 gxh4+ 54. Kxh4 Rh8+ 55. Kg3 Rh5 56. Rh2 Rg5+ 57. Kf2 Bh3+ 58. Ke1 Rxf1+ 59. Ke2 Rf3 0-1

[Event "FISU World University-ch 2020"]
[Site "Online"]
[Date "2020.10.26"]
[Round "9.17"]
[White "Pineiro, Dario"]
[Black "Gaviria, Andres Felipe"]
[Result "1-0"]
[WhiteElo "2190"]
[BlackElo "2065"]
[Annotator "NA"]
[PlyCount "85"]
[EventDate "2020.10.26"]
[SourceTitle "playchess.com"]
[Source "ChessBase"]
[SourceQuality "1"]

1. c4 e6 2. g3 d5 3. Bg2 Nf6 4. Nf3 Be7 5. O-O O-O 6. b3 c5 7. Bb2 Nc6 8. e3 d4 9. exd4 cxd4 10. a3 e5 11. d3 a5 12. Re1 Bd6 13. c5 Bc7 14. Nbd2 Be6 15. Qc2 Re8 16. Nc4 Bd5 17. Re2 Qe7 18. Ncd2 Qd7 19. Rae1 Rad8 20. Nc4 Qf5 21. Nfd2 h5 22. Ne4 Bxe4 23. Bxe4 Nxe4 24. Rxe4 Rd5 25. b4 axb4 26. axb4 Nxb4 27. Qb3 Na6 28. Nd6 Rxd6 29. cxd6 Bxd6 30. Bxd4 Nc5 31. Bxc5 Bxc5 32. R1e2 Ra8 33. Qxb7 Ra1+ 34. Kg2 Bd4 35. h4 Kh7 36. Qd5 f6 37. Rxd4 Qc8 38. Rc4 Qb8 39. d4 Rd1 40. Qe4+ g6 41. dxe5 fxe5 42. Rc6 Qe8 43. Rc7+ 1-0

[Event "FISU World University-ch 2020"]
[Site "Online"]
[Date "2020.10.26"]
[Round "9.17"]
[White "Argote Heredia, Valentina"]
[Black "Acosta, Pablo Ismael"]
[Result "0-1"]
[WhiteElo "2150"]
[BlackElo "2465"]
[Annotator "ChessBase"]
[PlyCount "66"]
[EventDate "2020.10.26"]
[SourceTitle "playchess.com"]
[Source "ChessBase"]
[SourceQuality "1"]

1. e4 c5 2. Nf3 d5 3. exd5 Qxd5 4. c4 Qd8 5. d4 cxd4 6. Nxd4 e5 7. Nb5 Qxd1+ 8. Kxd1 Na6 9. Be3 Bg4+ 10. f3 O-O-O+ 11. Kc1 Be6 12. Nxa7+ Kb8 13. Nb5 Ne7 14. N1c3 Nf5 15. Bf2 Bc5 16. Bxc5 Nxc5 17. b3 Ne3 18. Ne4 Nxe4 19. fxe4 Rd1+ 20. Kb2 Rhd8 21. Be2 R1d2+ 22. Kc3 Rxe2 23. Rae1 Rxe1 24. Rxe1 Nd1+ 25. Kb4 Nf2 26. Re2 Nd3+ 27. Kc3 Nc5 28. b4 Rd3+ 29. Kc2 Bxc4 30. bxc5 Bxb5 31. Rf2 f6 32. a4 Bc4 33. g4 Ra3 0-1

[Event "FISU World University-ch 2020"]
[Site "Online"]
[Date "2020.10.26"]
[Round "9.17"]
[White "Dominguez, Laura Lucia"]
[Black "Ramirez, Melanie"]
[Result "1-0"]
[WhiteElo "1970"]
[BlackElo "1522"]
[Annotator "NA"]
[PlyCount "41"]
[EventDate "2020.10.26"]
[SourceTitle "playchess.com"]
[Source "ChessBase"]
[SourceQuality "1"]

1. d4 Nf6 2. Bf4 g6 3. Nf3 Bg7 4. h3 d6 5. e3 O-O 6. Nbd2 c5 7. c3 Nc6 8. Be2 a6 9. O-O b5 10. a4 Bb7 11. Bh2 Qb6 12. axb5 axb5 13. Qb3 Rxa1 14. Rxa1 Na5 15. Qxb5 Qxb5 16. Bxb5 Nc6 17. Nc4 Nd5 18. Na5 Nxa5 19. Rxa5 Rb8 20. dxc5 dxc5 21. Bxb8 1-0

[Event "FISU World University-ch 2020"]
[Site "Online"]
[Date "2020.10.26"]
[Round "9.18"]
[White "Paradzik, Berislav"]
[Black "Smieszek, Wojciech"]
[Result "1-0"]
[WhiteElo "2185"]
[BlackElo "2107"]
[Annotator "NA"]
[PlyCount "43"]
[EventDate "2020.10.26"]
[SourceTitle "playchess.com"]
[Source "ChessBase"]
[SourceQuality "1"]

1. d4 Nf6 2. Bf4 c5 3. d5 e6 4. Nc3 b5 5. dxe6 fxe6 6. e4 Be7 7. e5 Nd5 8. Nxd5 exd5 9. Qxd5 Nc6 10. O-O-O Rb8 11. e6 Nb4 12. exd7+ Bxd7 13. Qh5+ g6 14. Qe5 O-O 15. Qxb8 Qa5 16. Qe5 Bf6 17. Qxc5 Rc8 18. Bc4+ Kh8 19. Be5 Qd8 20. Qxc8 Nd3+ 21. Rxd3 Qxc8 22. Bxf6# 1-0

[Event "FISU World University-ch 2020"]
[Site "Online"]
[Date "2020.10.26"]
[Round "9.18"]
[White "Parol, Pola"]
[Black "Matanovic, Pavo"]
[Result "1-0"]
[WhiteElo "2069"]
[BlackElo "1832"]
[Annotator "NA"]
[PlyCount "89"]
[EventDate "2020.10.26"]
[SourceTitle "playchess.com"]
[Source "ChessBase"]
[SourceQuality "1"]

1. e4 e5 2. Nf3 Nc6 3. Bb5 a6 4. Ba4 Nf6 5. O-O Be7 6. Re1 b5 7. Bb3 d6 8. c3 O-O 9. h3 Na5 10. Bc2 c5 11. d4 Qc7 12. Nbd2 Nc6 13. d5 Nd8 14. Nf1 Ne8 15. Ng3 g6 16. a4 Rb8 17. axb5 axb5 18. Bh6 Ng7 19. Nh2 f6 20. b4 Nf7 21. Bd2 Bd7 22. Ng4 Rfc8 23. Bd3 Ra8 24. Qf3 Qd8 25. Reb1 c4 26. Bc2 Ne8 27. Be3 Rxa1 28. Rxa1 Ra8 29. Qd1 Qb8 30. Qb1 Bd8 31. Ra2 Rxa2 32. Qxa2 Bb6 33. Bxb6 Qxb6 34. Qa8 Qd8 35. Qb7 Qc8 36. Qxc8 Bxc8 37. Ne3 Nc7 38. Kf1 Na8 39. Ke2 Nb6 40. Kd2 Bb7 41. f3 f5 42. exf5 gxf5 43. Ngxf5 Nxd5 44. Nxd5 Bxd5 45. Ne7+ 1-0

[Event "FISU World University-ch 2020"]
[Site "Online"]
[Date "2020.10.26"]
[Round "9.18"]
[White "Sulkowski, Andrzej"]
[Black "Purkic, Ruza"]
[Result "0-1"]
[WhiteElo "1783"]
[BlackElo "1483"]
[Annotator "NA"]
[PlyCount "130"]
[EventDate "2020.10.26"]
[SourceTitle "playchess.com"]
[Source "ChessBase"]
[SourceQuality "1"]

1. d4 Nf6 2. c4 c5 3. e3 cxd4 4. exd4 d5 5. Nc3 Nc6 6. cxd5 Nxd5 7. Bc4 Nb6 8. Bb5 Bd7 9. Nf3 g6 10. O-O Bg7 11. Be3 O-O 12. Qe2 e6 13. Rfd1 Nb4 14. Bxd7 Qxd7 15. Ne5 Qe7 16. Rac1 N4d5 17. Nxd5 Nxd5 18. Bd2 Rac8 19. Qb5 a6 20. Qb3 b5 21. h3 Qd6 22. a4 bxa4 23. Qxa4 Bxe5 24. dxe5 Qxe5 25. Qxa6 Rxc1 26. Bxc1 Qh5 27. Qd3 Qe5 28. b3 Nc3 29. f4 Qc7 30. Bb2 Nxd1 31. Qxd1 Qxf4 32. Qd3 Rb8 33. Qc3 e5 34. g3 Qe4 35. h4 Qd4+ 36. Qxd4 exd4 37. Bxd4 Rxb3 38. Kg2 Kf8 39. Bf6 Ke8 40. Kh3 Kd7 41. Be5 Ke6 42. Bc7 h5 43. Bd8 Kf5 44. Be7 f6 45. Bd8 g5 46. Bc7 g4+ 47. Kg2 Ke4 48. Bf4 Rb2+ 49. Kg1 Kf3 50. Bd6 Rg2+ 51. Kh1 Rxg3 52. Bxg3 Kxg3 53. Kg1 Kxh4 54. Kh2 f5 55. Kg2 f4 56. Kh2 Kg5 57. Kg2 h4 58. Kh2 f3 59. Kg1 Kf4 60. Kf2 g3+ 61. Kg1 h3 62. Kh1 Kg4 63. Kg1 f2+ 64. Kf1 Kf4 65. Ke2 h2 0-1

[Event "FISU World University-ch 2020"]
[Site "Online"]
[Date "2020.10.26"]
[Round "9.18"]
[White "Bogdanic, Antonela"]
[Black "Krzysztynska, Anna"]
[Result "1/2-1/2"]
[WhiteElo "1752"]
[BlackElo "1888"]
[Annotator "NA"]
[PlyCount "96"]
[EventDate "2020.10.26"]
[SourceTitle "playchess.com"]
[Source "ChessBase"]
[SourceQuality "1"]

1. Nf3 Nf6 2. g3 g6 3. Bg2 Bg7 4. O-O O-O 5. d3 d5 6. Nbd2 c6 7. e4 Nfd7 8. Nh4 e6 9. c3 Na6 10. f4 dxe4 11. dxe4 e5 12. f5 g5 13. Nhf3 f6 14. Nc4 b5 15. Ne3 Bb7 16. Qc2 Qb6 17. Kh1 Rad8 18. Ng4 c5 19. h4 h5 20. Nf2 g4 21. Ne1 c4 22. b3 Nac5 23. Be3 Qc7 24. b4 Na4 25. Nd1 a6 26. Nb2 Ndb6 27. Rf2 Rd7 28. Rd2 Rfd8 29. Rad1 Bc6 30. Qc1 Qb7 31. Rxd7 Rxd7 32. Rxd7 Qxd7 33. Nxa4 Nxa4 34. Bh6 Qb7 35. Bxg7 Kxg7 36. Qe3 Qd7 37. Kg1 Nb2 38. Qe2 Nd3 39. Bf1 Nxe1 40. Qxe1 Qa7+ 41. Kh1 a5 42. a3 axb4 43. axb4 Qa2 44. Bg2 Qc2 45. Qe3 Qd1+ 46. Kh2 Qd7 47. Qe1 Qd3 48. Kh1 Kf7 1/2-1/2

[Event "FISU World University-ch 2020"]
[Site "Online"]
[Date "2020.10.26"]
[Round "9.19"]
[White "Villacorta Nicolas, David"]
[Black "Santos, Ricardo Alexandre Lu"]
[Result "1-0"]
[WhiteElo "2153"]
[BlackElo "2113"]
[Annotator "NA"]
[PlyCount "97"]
[EventDate "2020.10.26"]
[SourceTitle "playchess.com"]
[Source "ChessBase"]
[SourceQuality "1"]

1. e4 d6 2. d4 Nf6 3. Nc3 g6 4. Bg5 Bg7 5. e5 dxe5 6. dxe5 Qxd1+ 7. Rxd1 Ng4 8. h3 Nxe5 9. Nd5 O-O 10. Nxc7 Nbc6 11. Nxa8 Bf5 12. Nc7 Bxc2 13. Rc1 Be4 14. f3 Bd3 15. Nd5 Nd4 16. Ne2 Ndxf3+ 17. gxf3 Nxf3+ 18. Kf2 Nxg5 19. Nxe7+ Kh8 20. Rc8 Rxc8 21. Nxc8 Bf8 22. Nd4 Ne4+ 23. Ke3 Bb1 24. Rg1 f5 25. Bd3 Bh6+ 26. Ke2 Bxa2 27. Bxe4 fxe4 28. b3 Bg7 29. Ke3 Kg8 30. Nxa7 Kf7 31. Nab5 Ke7 32. Nc3 Bxd4+ 33. Kxd4 Bxb3 34. Nxe4 Be6 35. Re1 Kf8 36. Ng5 Bf5 37. h4 h6 38. Ne6+ Kf7 39. Nd8+ Kf6 40. Nxb7 g5 41. Nd6 Bh3 42. Ne4+ Kf5 43. hxg5 hxg5 44. Rg1 g4 45. Ke3 Ke5 46. Nf2 Kf5 47. Nxh3 gxh3 48. Kf3 h2 49. Rh1 1-0

[Event "FISU World University-ch 2020"]
[Site "Online"]
[Date "2020.10.26"]
[Round "9.19"]
[White "Paiva, Henrique M A Alberga"]
[Black "Ruperez Benito, Antonio"]
[Result "0-1"]
[WhiteElo "2068"]
[BlackElo "2363"]
[Annotator "NA"]
[PlyCount "98"]
[EventDate "2020.10.26"]
[SourceTitle "playchess.com"]
[Source "ChessBase"]
[SourceQuality "1"]

1. e4 e6 2. d4 d5 3. e5 c5 4. c3 Qb6 5. Nf3 Nc6 6. Bd3 cxd4 7. cxd4 Bd7 8. O-O Nxd4 9. Nbd2 Nc6 10. Nb3 Nge7 11. Be3 Qc7 12. Rc1 Ng6 13. Nc5 a6 14. b4 Ngxe5 15. Nxe5 Qxe5 16. Nxd7 Kxd7 17. b5 axb5 18. Bxb5 Bd6 19. g3 Rhc8 20. a4 Ke7 21. Qd3 Qe4 22. Qb3 Nd4 23. Bxd4 Qxd4 24. Rcd1 Qc3 25. Qb1 Qc2 26. Qa1 Kf8 27. Rc1 Qd2 28. Qb1 g6 29. Bd7 Rxc1 30. Rxc1 Rd8 31. Bb5 b6 32. Rd1 Qc3 33. Rd3 Qf6 34. Qd1 Rc8 35. Rf3 Qb2 36. Qd3 Kg7 37. Qe3 Qc1+ 38. Qxc1 Rxc1+ 39. Kg2 Bc5 40. Be8 f5 41. h3 e5 42. g4 e4 43. Rb3 Rc2 44. gxf5 Rxf2+ 45. Kg3 gxf5 46. Bc6 Rd2 47. Kf4 Kf6 48. a5 bxa5 49. Rb7 Rd3 0-1

[Event "FISU World University-ch 2020"]
[Site "Online"]
[Date "2020.10.26"]
[Round "9.19"]
[White "Santos, Rita Alexandra L Sil"]
[Black "Rodriguez Perez, Marta"]
[Result "1/2-1/2"]
[WhiteElo "1606"]
[BlackElo "1636"]
[Annotator "NA"]
[PlyCount "134"]
[EventDate "2020.10.26"]
[SourceTitle "playchess.com"]
[Source "ChessBase"]
[SourceQuality "1"]

1. e4 e6 2. d4 d5 3. exd5 exd5 4. Bd3 Bd6 5. Ne2 Ne7 6. Bf4 O-O 7. O-O c6 8. Nd2 Bf5 9. Nf3 Bxd3 10. Qxd3 Ng6 11. Bxd6 Qxd6 12. Ng3 Nd7 13. Rfe1 Rfe8 14. c3 Ndf8 15. Qf5 Qf4 16. Ne5 Qxf5 17. Nxf5 Nxe5 18. dxe5 Ng6 19. Nd6 Re7 20. Re3 Rxe5 21. Rxe5 Nxe5 22. Re1 Ng6 23. b4 b6 24. a4 Kf8 25. g3 Rd8 26. Nf5 Rd7 27. f4 Ne7 28. Nd4 c5 29. bxc5 bxc5 30. Nb5 Nc8 31. Kf2 Rb7 32. Rb1 Nd6 33. Na3 Ne4+ 34. Ke3 Rxb1 35. Nxb1 f5 36. Kd3 Ke7 37. c4 Kd6 38. cxd5 Kxd5 39. Na3 a6 40. Nc4 h6 41. Ne5 Nd6 42. Ng6 c4+ 43. Kc3 Ne4+ 44. Kb4 c3 45. Kb3 Kd4 46. Kc2 Nd6 47. Ne7 g5 48. Nc6+ Kc5 49. Ne7 Kc4 50. fxg5 hxg5 51. h4 gxh4 52. gxh4 f4 53. Ng6 f3 54. Ne5+ Kb4 55. Nxf3 Ne4 56. h5 Kxa4 57. h6 Nf6 58. Kxc3 Kb5 59. Ng5 a5 60. Kb3 a4+ 61. Ka3 Kc6 62. Ne4 Nh7 63. Kxa4 Kd7 64. Kb5 Ke6 65. Kc5 Kf5 66. Nd6+ Kg6 67. Kd5 Kxh6 1/2-1/2

[Event "FISU World University-ch 2020"]
[Site "Online"]
[Date "2020.10.26"]
[Round "9.19"]
[White "Alonso Prieto, Victor"]
[Black "Monteiro, Paulo Alexandre G"]
[Result "0-1"]
[WhiteElo "1551"]
[BlackElo "2049"]
[Annotator "NA"]
[PlyCount "138"]
[EventDate "2020.10.26"]
[SourceTitle "playchess.com"]
[Source "ChessBase"]
[SourceQuality "1"]

1. b3 Nf6 2. Bb2 g6 3. d3 Bg7 4. e4 d6 5. Nf3 O-O 6. Be2 c5 7. O-O Nc6 8. Nbd2 Bd7 9. Re1 b5 10. d4 Nxd4 11. Nxd4 cxd4 12. Bxd4 Bc6 13. Bf3 Qc7 14. e5 dxe5 15. Bxe5 Qb7 16. Bxc6 Qxc6 17. Rc1 Rfd8 18. Qe2 Bh6 19. f4 Qc5+ 20. Kf1 Ng4 21. Nf3 Nxe5 22. Qxe5 Qxe5 23. Nxe5 Bxf4 24. Rb1 Rac8 25. Nd3 Bd6 26. Re2 Rd7 27. h3 Rdc7 28. Rc1 Ba3 29. Rce1 Rxc2 30. Ne5 Bb4 31. Rxc2 Rxc2 32. Re2 Rxe2 33. Kxe2 Bd6 34. Nc6 a6 35. Kd3 Kg7 36. Nd4 e5 37. Nc6 f5 38. Nd8 Kf6 39. Nc6 Bc5 40. a4 e4+ 41. Ke2 f4 42. axb5 axb5 43. b4 Bd6 44. Nd4 Bxb4 45. Nxb5 g5 46. Nd4 h5 47. Nc2 Bc5 48. Ne1 Kf5 49. Nc2 g4 50. hxg4+ hxg4 51. Ne1 Ke5 52. Nc2 f3+ 53. gxf3 exf3+ 54. Kf1 Ke4 55. Ne1 g3 56. Nc2 g2+ 57. Ke1 g1=Q+ 58. Kd2 Qf2+ 59. Kc3 Bd4+ 60. Kb3 Qxc2+ 61. Kxc2 f2 62. Kd2 f1=Q 63. Kc2 Qd3+ 64. Kc1 Bb2+ 65. Kxb2 Qc4 66. Kb1 Qe2 67. Kc1 Kd3 68. Kb1 Kc3 69. Ka1 Qb2# 0-1

[Event "FISU World University-ch 2020"]
[Site "Online"]
[Date "2020.10.26"]
[Round "9.20"]
[White "Felix Soto, Alfredo"]
[Black "Gamage, Chathulanka"]
[Result "1-0"]
[WhiteElo "2075"]
[BlackElo "1895"]
[Annotator "NA"]
[PlyCount "77"]
[EventDate "2020.10.26"]
[SourceTitle "playchess.com"]
[Source "ChessBase"]
[SourceQuality "1"]

1. e4 e6 2. d4 d5 3. Bd3 dxe4 4. Bxe4 Nf6 5. Bf3 c5 6. Ne2 Nc6 7. Be3 e5 8. Bxc6+ bxc6 9. dxe5 Qxd1+ 10. Kxd1 Ng4 11. Re1 Ba6 12. Nbc3 O-O-O+ 13. Kc1 Nxe5 14. Ne4 Ng4 15. Bxc5 f5 16. Bxf8 Rhxf8 17. Nc5 Bxe2 18. Rxe2 Rfe8 19. Rxe8 Rxe8 20. Kd2 Nxf2 21. Rf1 Re5 22. b4 Ng4 23. Nd3 Rd5 24. c4 Rd7 25. Rxf5 Nxh2 26. Kc3 Ng4 27. Nc5 Re7 28. Rf8+ Kc7 29. Ra8 Kd6 30. Kd4 Nf6 31. a4 Re2 32. Rxa7 Rxg2 33. a5 Rg4+ 34. Kc3 Rg3+ 35. Kb2 h5 36. Ra8 Re3 37. Rd8+ Kc7 38. a6 Re8 39. Rxe8 1-0

[Event "FISU World University-ch 2020"]
[Site "Online"]
[Date "2020.10.26"]
[Round "9.20"]
[White "Baltazar Ibanez, Diego"]
[Black "Chandula, E D S"]
[Result "1-0"]
[WhiteElo "2054"]
[BlackElo "1661"]
[Annotator "NA"]
[PlyCount "77"]
[EventDate "2020.10.26"]
[SourceTitle "playchess.com"]
[Source "ChessBase"]
[SourceQuality "1"]

1. e4 c5 2. Nf3 d6 3. d4 cxd4 4. Nxd4 Nf6 5. Nc3 a6 6. g3 e5 7. Nde2 Be7 8. Bg2 b5 9. a3 O-O 10. h3 h5 11. O-O Nbd7 12. Bg5 Bb7 13. Kh2 Rc8 14. f4 Rc4 15. b3 Rc8 16. Qd2 Nc5 17. Qe3 exf4 18. Nxf4 Re8 19. Rad1 Ncxe4 20. Bxf6 Bxf6 21. Nxe4 Bxe4 22. Bxe4 Rxc2+ 23. Kh1 h4 24. Nd5 Ra2 25. Nxf6+ gxf6 26. Qf4 hxg3 27. Qxg3+ Kf8 28. Qf4 Re5 29. Bg2 Ree2 30. Qh6+ Ke8 31. Bc6+ Qd7 32. Bxd7+ Kxd7 33. Qf4 Re6 34. a4 bxa4 35. bxa4 Ra3 36. Rf3 Ra2 37. Rfd3 Ke8 38. Rxd6 Rxd6 39. Qxd6 1-0

[Event "FISU World University-ch 2020"]
[Site "Online"]
[Date "2020.10.26"]
[Round "9.20"]
[White "Herath, H M A K"]
[Black "Velo Arredondo, Alonso"]
[Result "1/2-1/2"]
[WhiteElo "1754"]
[BlackElo "2068"]
[Annotator "NA"]
[PlyCount "110"]
[EventDate "2020.10.26"]
[SourceTitle "playchess.com"]
[Source "ChessBase"]
[SourceQuality "1"]

1. e4 e5 2. Nf3 Nc6 3. Bc4 Bc5 4. Nc3 Nf6 5. d3 d6 6. Be3 O-O 7. Qd2 a6 8. O-O b5 9. Bb3 Bg4 10. Ne1 Na5 11. h3 Nxb3 12. axb3 Be6 13. Nf3 Bb4 14. Bg5 h6 15. Bh4 Kh7 16. Rfe1 c5 17. Qe3 Rg8 18. g4 g5 19. Bg3 Nd7 20. Kh2 Qf6 21. Rg1 Bxc3 22. bxc3 Qe7 23. d4 f6 24. Nd2 Rgc8 25. d5 Bf7 26. h4 Kg7 27. Kg2 a5 28. Qd3 Rcb8 29. c4 b4 30. Nf1 Nb6 31. Ne3 Bg6 32. hxg5 hxg5 33. Rh1 Rh8 34. Rxh8 Kxh8 35. Rh1+ Kg7 36. Nf5+ Bxf5 37. gxf5 Rh8 38. Ra1 Ra8 39. c3 Qf7 40. Qe2 Ra7 41. Qg4 Ra8 42. cxb4 axb4 43. Rxa8 Nxa8 44. f4 exf4 45. Bxf4 Qe7 46. Kf3 Nb6 47. Bh2 Nd7 48. Qh5 Ne5+ 49. Bxe5 Qxe5 50. Qg6+ Kf8 51. Qh6+ Kf7 52. Qh7+ Kf8 53. Qh8+ Kf7 54. Qh7+ Kf8 55. Qh8+ Kf7 1/2-1/2

[Event "FISU World University-ch 2020"]
[Site "Online"]
[Date "2020.10.26"]
[Round "9.20"]
[White "Methmani, Nelunika"]
[Black "Torres Rosas, Rita Rosalia"]
[Result "1-0"]
[WhiteElo "1601"]
[BlackElo "1859"]
[Annotator "NA"]
[PlyCount "53"]
[EventDate "2020.10.26"]
[SourceTitle "playchess.com"]
[Source "ChessBase"]
[SourceQuality "1"]

1. d4 Nf6 2. c4 e6 3. Nc3 Bb4 4. f3 d5 5. e3 c5 6. a3 Bxc3+ 7. bxc3 O-O 8. cxd5 exd5 9. Bd3 b6 10. Ne2 Ba6 11. Bb1 Re8 12. O-O g6 13. Re1 Bb7 14. Ng3 Nc6 15. Bb2 Na5 16. e4 c4 17. e5 Nd7 18. f4 Nf8 19. f5 Nb3 20. Ra2 Bc8 21. Qg4 Kh8 22. Qf4 b5 23. Qh6 gxf5 24. Nh5 Ne6 25. Bxf5 Kg8 26. Bxh7+ Kh8 27. Bg6+ 1-0